{"text_format":"1","workbook":"xlsx","n_sheets":1,"sheets":["inv_fertilizantes_abril_2022"],"not_rendered":{"charts":0,"images":2,"macros":0,"external_links":0,"defined_names":1,"comments":0,"pivot_tables":0},"unopened":[],"bounds":{"document_bytes":16777216,"sheet_cells":100000,"rows_first":2000,"rows_last":500,"rows_between":2000,"halvings":0,"cell_chars":16384,"cell_head_chars":4096},"cells_cut":0,"cells_raw":0,"read":"whole","date_system":"1900"}

{"sheet":"inv_fertilizantes_abril_2022","index":0,"n_rows":112,"n_cols":8,"rows_kept":112,"cut":false,"hidden":false,"merged":[[1,0,1,7],[43,0,43,7],[2,0,2,7],[3,0,3,7],[5,0,9,0],[5,1,9,1],[5,2,9,2],[5,3,9,3],[5,4,9,4],[5,5,9,5],[5,6,9,6],[5,7,9,7],[27,0,27,6],[44,0,44,7],[45,0,45,7],[47,5,51,5],[47,6,51,6],[47,7,51,7],[47,0,51,0],[47,1,51,1],[47,2,51,2],[47,3,51,3],[47,4,51,4],[111,0,111,6],[90,0,94,0],[90,1,94,1],[90,2,94,2],[90,3,94,3],[90,4,94,4],[90,5,94,5],[90,6,94,6],[90,7,94,7],[86,0,86,7],[87,0,87,7],[88,0,88,7],[68,0,68,6]]}
[]
["INSTITUTO DEL TABACO DE LA REPÚBLICA DOMINICANA"]
["INVENTARIO FERTILIZANTES"]
["MES DE ABRIL 2025"]
[]
["Fecha de adquisición y/o registro","Artículo","Código instritucional","Descripción artículo","Existencia","Unidad","Costo","Valor"]
[]
[]
[]
[]
["2017-01-11","FERTILIZANTES ( 1 )","10-18-15S","10-18-15(S)",111,"QTAL",2205.36,{"$f":"+G11*E11","v":244794.96000000002}]
["2017-06-26","FERTILIZANTES ( 1 )","15-15-15+","15-15-15(S)+4MGO+ME(40%N-3)",13,"QTAL",2237,{"$f":"+G12*E12","v":29081}]
["2017-12-26","FERTILIZANTES ( 1 )","15-15-15-5S","15-15-15-5S+2MGO ",3,"QTAL",2066,6198]
["2017-11-10","FERTILIZANTES ( 1 )","17-2-17S","17-0-17(S)+4MGO-ME (65%N-N03)",46,"QTAL",2019.6,92901.599999999991]
["2017-01-23","FERTILIZANTES ( 1 )","2-21-22S","2-21-22S+6MGO+ME",73,"QTAL",153,11169]
["2007-02-28","FERTILIZANTES ( 1 )","A10-18-15","ABONO 10-18-15(S) FORM.SULF.",49,"QTAL",2490.25,122022.25]
["2007-03-01","FERTILIZANTES ( 1 )","ABOTNC","ABOTERRA NITRATO DE CALCIO",2,"55LBS",630,1260]
["2007-03-02","FERTILIZANTES ( 1 )","NIT CAL.","NITRATO  CALSIO 15N+26CAO  ",2,"25KG",868,1736]
["2007-03-03","FERTILIZANTES ( 1 )","NIT.P","NITRATO  POTASIO ",14,"25KG",1985.76,27800.639999999999]
["2007-03-04","FERTILIZANTES ( 1 )","NIT-CALCIO","NITRATO DE CALCIO",1,"25 KL",5505.97,5505.97]
["2007-03-05","FERTILIZANTES ( 1 )","PL.T.","PLANTULAS DE TABACO",3020070,"UND",0.73,2204651.1]
["2007-03-06","FERTILIZANTES ( 1 )","PS250L","PACAS DE SUSTRATO 250L.",61,"UND",2050,125050]
["2007-03-07","FERTILIZANTES ( 1 )","SULFAMO","SULFATO DE AMONIO ESTANDAR (AZUCQUITA)",29,"QTAL",1219,35351]
["2007-03-08","FERTILIZANTES ( 1 )","SUST. PAC.","PACA SUSTRATO C/PERLITA VERM.",162,"300LT",1525,247050]
["2007-03-09","HERRAMIENTAS ( 10 )","BANDEJ-200H","BANDEJAS 200 HOYOS (2MM DE ESPESOR) ",7140,"UNIDAD",39,278460]
["2007-03-10","ADHERENTE-COAGULANTE ( 39 )","REGPH","REGULADOR PH EMULS. DISP. Y ADH.",925,"250 ML",190,175750]
["2016-10-04","INSECTICIDAS ( 2 )","L9.49+T12.62EC","LAMBDACIALOTRIN 9.49+THIAM.12.62  ( ",932,"100 ML",75,69900]
["TOTAL",null,null,null,null,null,null,{"$f":"SUM(H11:H27)","v":3678681.52}]
[]
[]
[]
[]
[]
[]
[]
[]
[]
[]
[]
[]
[]
[]
[]
["INSTITUTO DEL TABACO DE LA REPÚBLICA DOMINICANA"]
["INVENTARIO FERTILIZANTES"]
["MES DE MAYO 2025"]
[]
["Fecha de adquisición y/o registro","Artículo","Código instritucional","Descripción artículo","Existencia","Unidad","Costo","Valor"]
[]
[]
[]
[]
["2017-01-11","FERTILIZANTES ( 1 )","10-18-15S","10-18-15(S)",91,"QTAL",2205.36,{"$f":"+G53*E53","v":200687.76}]
["2017-06-26","FERTILIZANTES ( 1 )","15-15-15+","15-15-15(S)+4MGO+ME(40%N-3)",13,"QTAL",2237,{"$f":"+G54*E54","v":29081}]
["2017-12-26","FERTILIZANTES ( 1 )","17-2-17S","17-0-17(S)+4MGO-ME (65%N-N03)",46,"QTAL",2019.6,92901.599999999991]
["2017-11-10","FERTILIZANTES ( 1 )","2-21-22S","2-21-22S+6MGO+ME",73,"QTAL",153,11169]
["2017-01-23","FERTILIZANTES ( 1 )","A10-18-15","ABONO 10-18-15(S) FORM.SULF.",49,"QTAL",2490.25,122022.25]
["2007-02-28","FERTILIZANTES ( 1 )","ABOTNC","ABOTERRA NITRATO DE CALCIO",2,"55LBS",630,1260]
["2007-03-01","FERTILIZANTES ( 1 )","NIT CAL.","NITRATO  CALSIO 15N+26CAO  ",2,"25KG",868,1736]
["2007-03-02","FERTILIZANTES ( 1 )","NIT.P","NITRATO  POTASIO ",14,"25KG",1985.76,27800.639999999999]
["2007-03-03","FERTILIZANTES ( 1 )","NIT-CALCIO","NITRATO DE CALCIO",1,"25 KL",5505.97,5505.97]
["2007-03-04","FERTILIZANTES ( 1 )","PL.T.","PLANTULAS DE TABACO",2955070,"UND",0.73,2157201.1]
["2007-03-05","FERTILIZANTES ( 1 )","PS250L","PACAS DE SUSTRATO 250L.",61,"UND",2050,125050]
["2007-03-06","FERTILIZANTES ( 1 )","SULFAMO","SULFATO DE AMONIO ESTANDAR (AZUCQUITA)",29,"QTAL",1219,35351]
["2007-03-07","FERTILIZANTES ( 1 )","SUST. PAC.","PACA SUSTRATO C/PERLITA VERM.",162,"300LT",1525,247050]
["2007-03-08","HERRAMIENTAS ( 10 )","BANDEJ-200H","BANDEJAS 200 HOYOS (2MM DE ESPESOR) ",19640,"UNIDAD",41,805240]
["2016-10-04","ADHERENTE-COAGULANTE ( 39 )","REGPH","REGULADOR PH EMULS. DISP. Y ADH.",925,"250 ML",190,175750]
["2016-10-05","INSECTICIDAS ( 2 )","L9.49+T12.62EC","LAMBDACIALOTRIN 9.49+THIAM.12.62  ( ",932,"100 ML",75,69900]
["TOTAL",null,null,null,null,null,null,{"$f":"SUM(H53:H68)","v":4107706.3200000003}]
[]
[]
[]
[]
[]
[]
[]
[]
[]
[]
[]
[]
[]
[]
[]
[]
[]
["INSTITUTO DEL TABACO DE LA REPÚBLICA DOMINICANA"]
["INVENTARIO FERTILIZANTES"]
["MES DE JUNIO  2025"]
[]
["Fecha de adquisición y/o registro","Artículo","Código instritucional","Descripción artículo","Existencia","Unidad","Costo","Valor"]
[]
[]
[]
[]
["2017-01-11","FERTILIZANTES ( 1 )","10-18-15S","10-18-15(S)",87,"QTAL",2205.36,{"$f":"+G96*E96","v":191866.32}]
["2017-06-26","FERTILIZANTES ( 1 )","15-15-15+","15-15-15(S)+4MGO+ME(40%N-3)",13,"QTAL",2237,{"$f":"+G97*E97","v":29081}]
["2017-12-26","FERTILIZANTES ( 1 )","17-2-17S","17-0-17(S)+4MGO-ME (65%N-N03)",46,"QTAL",2019.6,92901.599999999991]
["2017-11-10","FERTILIZANTES ( 1 )","2-21-22S","2-21-22S+6MGO+ME",73,"QTAL",153,11169]
["2017-01-23","FERTILIZANTES ( 1 )","A10-18-15","ABONO 10-18-15(S) FORM.SULF.",49,"QTAL",2490.25,122022.25]
["2007-02-28","FERTILIZANTES ( 1 )","ABOTNC","ABOTERRA NITRATO DE CALCIO",2,"55LBS",630,1260]
["2007-03-01","FERTILIZANTES ( 1 )","NIT CAL.","NITRATO  CALSIO 15N+26CAO  ",2,"25KG",868,1736]
["2007-03-02","FERTILIZANTES ( 1 )","NIT.P","NITRATO  POTASIO ",14,"25KG",1985.76,27800.639999999999]
["2007-03-03","FERTILIZANTES ( 1 )","NIT-CALCIO","NITRATO DE CALCIO",1,"25 KL",5505.97,5505.97]
["2007-03-04","FERTILIZANTES ( 1 )","PL.T.","PLANTULAS DE TABACO",2955070,"UND",0.73,2157201.1]
["2007-03-05","FERTILIZANTES ( 1 )","PS250L","PACAS DE SUSTRATO 250L.",61,"UND",2050,125050]
["2007-03-06","FERTILIZANTES ( 1 )","SULFAMO","SULFATO DE AMONIO ESTANDAR (AZUCQUITA)",29,"QTAL",1219,35351]
["2007-03-07","FERTILIZANTES ( 1 )","SUST. PAC.","PACA SUSTRATO C/PERLITA VERM.",162,"300LT",1525,247050]
["2007-03-08","HERRAMIENTAS ( 10 )","BANDEJ-200H","BANDEJAS 200 HOYOS (2MM DE ESPESOR) ",19640,"UNIDAD",41,805240]
["2007-03-09","ADHERENTE-COAGULANTE ( 39 )","REGPH","REGULADOR PH EMULS. DISP. Y ADH.",925,"250 ML",190,175750]
["2007-03-02","INSECTICIDAS ( 2 )","L9.49+T12.62EC","LAMBDACIALOTRIN 9.49+THIAM.12.62  ( ",932,"100 ML",75,69900]
["TOTAL",null,null,null,null,null,null,{"$f":"SUM(H96:H111)","v":4098884.88}]